Calidad de la enseñanza en tiempos de cambio /

Bibliografiske detaljer
Hovedforfatter: Márchesi, Álvaro
Andre forfattere: Martín, Elena
Format: Bog
Sprog:spansk
Udgivet: Madrid, España : Alianza Editorial, 1998
Fag:

MARC

LEADER 00000nam a2200000Ia 4500
008 150731b1998 sp ||||| |||| 00| | spa d
020 |a 8420681725 
090 |a 06.02.03   |b 1808 
100 1 |a Márchesi, Álvaro  |9 646 
245 1 0 |a Calidad de la enseñanza en tiempos de cambio /   |c Álvaro Marchesi; Elena Martín 
260 |a Madrid, España :   |b Alianza Editorial,   |c 1998 
300 |a 498 páginas 
650 1 4 |a CALIDAD DE LA EDUCACIÓN  |9 11 
650 1 4 |a ENSEÑANZA  |9 14 
700 1 |a Martín, Elena  |9 647 
942 |i 002827   |h 06.02.03 1808  |2 z  |c 01 
999 |c 158  |d 158